000 00261nam a22001217a 4500
999 _c8224
_d8224
003 OSt
005 20260407112259.0
008 201006b ||||| |||| 00| 0 eng d
020 _a9788170336532
082 _a01.42
_bAHU
245 _aResearch Methods
942 _2ddc